|
|
|
|
| LEADER |
01401cam a22003851a 4500 |
| 001 |
000041277 |
| 003 |
17577 |
| 005 |
20230318094740.0 |
| 008 |
170419s2014 vm 000 eng |
| 040 |
|
|
|a LNN
|
| 041 |
|
|
|a eng
|
| 082 |
|
|
|a 428.3
|b NG-N
|
| 100 |
|
|
|a Nguyễn, Thị Thùy Nhi
|
| 245 |
|
2 |
|a A study on the Use of Skype for Speaking Practice for High School Students /
|c Nguyễn Thị Thùy Nhi.
|
| 260 |
|
|
|a DHNN,
|c 2014.
|
| 300 |
|
|
|a 30cm :
|b 62 tr;.
|
| 502 |
|
|
|a Luận văn sinh viên
|
| 505 |
|
|
|a Chuyên nghành ngôn ngữ
|
| 650 |
|
|
|a Use of Skype for Speaking Practice.
|
| 653 |
|
|
|a Nguyễn, Thị Thùy Nhi,2014,A study on the Use of Skype for Speaking Practice for High School Students
|
| 700 |
|
|
|a ThS.Hồ Quảng Hà
|b hướng dẫn
|
| 852 |
|
|
|b Luận văn sinh viên
|
| OWN |
|
|
|a LNN
|
| AVA |
|
|
|a UDN50
|b LNN
|c English
|d 428.3 NG-N
|e available
|t Error 5001 Not defined in file expand_doc_bib_avail.
|f 1
|g 0
|h N
|i 0
|j AN
|k 1
|
| 999 |
|
|
|a From the UDN01
|
| AVA |
|
|
|a UDN50
|b LNN
|c English
|d 428.3 NG-N
|e available
|t Error 5001 Not defined in file expand_doc_bib_avail.
|f 1
|g 0
|h N
|i 0
|j AN
|k 1
|
| TYP |
|
|
|a Dissertation
|
| TYP |
|
|
|a Monograph
|
| TYP |
|
|
|a Printed language
|
| 980 |
|
|
|a Mạng thư viện Đại học Đà Nẵng
|